000
00316pam a2200133 a 4500
020
_c
041
_h
082
_a
743.6
_b
PIN
100
_a
Polly pinder .
245
_a
How to Draw Cats in Simple l Steps
_h
Textual Documents
260
_a
[s.l]:
_b
Search Press ,
_c
2014.
300
_a
32:
_b
paper.
930
_a
7962
999
_c
241752
_d
241752